All 7 Letter Words that Begin With R - Statistics

General Stats
  • This quiz has been taken 6 times
  • The average score is 336 of 1827
Answer Stats
% Correct
rackers
100%
racking
100%
readers
100%
reading
100%
realise
100%
realize
100%
records
100%
reeders
100%
reeding
100%
referee
100%
refined
100%
refiner
100%
refines
100%
reforms
100%
repairs
100%
reports
100%
returns
100%
rewinds
100%
riskier
100%
risking
100%
rooming
100%
rooters
100%
rooting
100%
routers
100%
routing
100%
ruffled
100%
ruffler
100%
ruffles
100%
rusting
100%
rabbits
80%
rabbles
80%
rackets
80%
raffled
80%
raffles
80%
rainier
80%
raining
80%
raising
80%
rangers
80%
ranging
80%
rapping
80%
reached
80%
reacher
80%
reaches
80%
readier
80%
reapers
80%
reaping
80%
reedier
80%
reekers
80%
reeking
80%
reeling
80%
reepers
80%
reflect
80%
refused
80%
refuser
80%
refuses
80%
regains
80%
regular
80%
related
80%
relates
80%
relayed
80%
remaker
80%
remakes
80%
renders
80%
replays
80%
rescued
80%
rescuer
80%
rescues
80%
resents
80%
restart
80%
resters
80%
resting
80%
reveled
80%
reveler
80%
revised
80%
reviser
80%
revises
80%
revisit
80%
revolts
80%
revolve
80%
rewatch
80%
rewired
80%
rewires
80%
reworks
80%
ridding
80%
riffler
80%
rifling
80%
riskers
80%
roaster
80%
robbers
80%
robbing
80%
rollers
80%
rolling
80%
roomers
80%
roomier
80%
roosted
80%
rooster
80%
rougher
80%
rounder
80%
rowings
80%
royally
80%
rubbers
80%
rulings
80%
running
80%
rushing
80%
rustier
80%
rutting
80%
rabbled
60%
racings
60%
radical
60%
raggers
60%
ragging
60%
raggles
60%
raiding
60%
railers
60%
railing
60%
raisers
60%
raisins
60%
rallied
60%
rallier
60%
rallies
60%
rambled
60%
rambler
60%
rambles
60%
rampers
60%
ramping
60%
rangier
60%
ranking
60%
ranting
60%
ratting
60%
rattled
60%
rattler
60%
reacted
60%
reactor
60%
readied
60%
readies
60%
readily
60%
realign
60%
reality
60%
reasons
60%
reavers
60%
rebates
60%
rebuked
60%
rebuker
60%
rebukes
60%
recalls
60%
receive
60%
Recents
60%
reckons
60%
reclaim
60%
recline
60%
recount
60%
reddens
60%
redress
60%
reedily
60%
reelers
60%
refills
60%
refires
60%
refolds
60%
refound
60%
reining
60%
rejects
60%
rejoice
60%
rejoins
60%
relater
60%
release
60%
relents
60%
relieve
60%
relight
60%
relined
60%
relived
60%
relives
60%
relooks
60%
remains
60%
reminds
60%
remixed
60%
remnant
60%
remorse
60%
rending
60%
renters
60%
renting
60%
repaint
60%
repents
60%
repined
60%
repines
60%
replace
60%
repolls
60%
reposts
60%
reseats
60%
resends
60%
resided
60%
resider
60%
resides
60%
resigns
60%
resolve
60%
resorts
60%
resound
60%
respect
60%
respond
60%
restore
60%
resumed
60%
resumes
60%
retells
60%
retests
60%
retinue
60%
retrain
60%
retters
60%
retunes
60%
reusing
60%
reverts
60%
reviews
60%
reviled
60%
reviles
60%
rewards
60%
rhebuck
60%
ribbing
60%
ricking
60%
riddled
60%
riddler
60%
riddles
60%
ridings
60%
riffing
60%
riffles
60%
riggers
60%
rigging
60%
righted
60%
righter
60%
rilling
60%
rinsing
60%
ripened
60%
ripener
60%
ripping
60%
roaders
60%
roadies
60%
roamers
60%
roasted
60%
rockers
60%
rockier
60%
rocking
60%
roebuck
60%
rogered
60%
Romanic
60%
rompers
60%
roofers
60%
roofing
60%
roomies
60%
rosters
60%
rotting
60%
roughed
60%
roughen
60%
rounded
60%
rousing
60%
rovings
60%
rubbing
60%
rubbled
60%
rubbles
60%
rucking
60%
ruddier
60%
ruffing
60%
ruiners
60%
ruining
60%
rumbled
60%
rumbles
60%
rumpled
60%
rumples
60%
runnier
60%
Russian
60%
rutters
60%
rabbity
40%
rabbler
40%
rabidly
40%
raccoon
40%
racquet
40%
radioed
40%
radiums
40%
rafters
40%
rafting
40%
raggled
40%
raglans
40%
raiders
40%
railway
40%
randies
40%
rankers
40%
ranters
40%
rapiers
40%
rappers
40%
rashing
40%
rasters
40%
ratchet
40%
ratings
40%
ratters
40%
rattles
40%
raveled
40%
ravined
40%
ravines
40%
ravings
40%
razzing
40%
reagent
40%
realest
40%
realist
40%
Realtor
40%
rebated
40%
rebater
40%
rebirth
40%
rebooks
40%
reboots
40%
rebrand
40%
rebuild
40%
rebuilt
40%
recants
40%
recedes
40%
receipt
40%
recited
40%
reciter
40%
recites
40%
recluse
40%
recolor
40%
recoups
40%
recover
40%
rectify
40%
rectory
40%
redding
40%
redials
40%
redoing
40%
redraws
40%
reduced
40%
reducer
40%
reduces
40%
reefers
40%
reefing
40%
refeels
40%
refight
40%
refiled
40%
refiles
40%
refinds
40%
refired
40%
reflows
40%
refrain
40%
reframe
40%
refresh
40%
refried
40%
refries
40%
refunds
40%
refuted
40%
refuter
40%
refutes
40%
regaled
40%
regales
40%
regally
40%
regents
40%
regimen
40%
regions
40%
regress
40%
regrets
40%
regrows
40%
regulus
40%
reheard
40%
rehears
40%
reheats
40%
rehomed
40%
rehomes
40%
reigned
40%
relapse
40%
relaxed
40%
relaxer
40%
relaxes
40%
reliers
40%
relines
40%
relinks
40%
reloads
40%
relocks
40%
remixes
40%
remoter
40%
remotes
40%
remount
40%
removed
40%
remover
40%
removes
40%
reneged
40%
reneger
40%
renewal
40%
renewed
40%
renewer
40%
renowns
40%
rentals
40%
rentier
40%
repasts
40%
repeals
40%
repeats
40%
replans
40%
replant
40%
replate
40%
reposed
40%
reposes
40%
repping
40%
reprint
40%
reprise
40%
reptile
40%
request
40%
require
40%
requite
40%
resales
40%
reshape
40%
residue
40%
resined
40%
respire
40%
restive
40%
results
40%
resumer
40%
retails
40%
retains
40%
rethink
40%
retimed
40%
retimes
40%
retired
40%
retirer
40%
retires
40%
retrial
40%
retried
40%
retries
40%
retuned
40%
retying
40%
reveals
40%
revenue
40%
reverse
40%
revests
40%
reviler
40%
revoked
40%
revokes
40%
revving
40%
rewords
40%
rewrite
40%
ribbers
40%
richest
40%
ridders
40%
ridgers
40%
ridging
40%
riffled
40%
rifters
40%
rifting
40%
ringers
40%
ringing
40%
rinsers
40%
rioters
40%
rioting
40%
riposte
40%
rippers
40%
rippled
40%
rippler
40%
ripples
40%
risings
40%
ritters
40%
rivered
40%
riviera
40%
roading
40%
roaming
40%
robbery
40%
robotic
40%
rockies
40%
rodders
40%
roiling
40%
roister
40%
Rommany
40%
romping
40%
rookers
40%
rookery
40%
rooking
40%
roosing
40%
rootier
40%
rosiest
40%
rottens
40%
rotters
40%
rouging
40%
roundly
40%
rousers
40%
rubbery
40%
rudders
40%
rudding
40%
ruffian
40%
ruggers
40%
rumbler
40%
rumpers
40%
runners
40%
rushers
40%
ruttier
40%
Rachels
20%
rachets
20%
racists
20%
rackled
20%
rackles
20%
racoons
20%
raddled
20%
raffias
20%
raffing
20%
raggier
20%
ragtime
20%
railman
20%
railmen
20%
ramekin
20%
ramming
20%
ranched
20%
rancher
20%
rancors
20%
randers
20%
randing
20%
randoms
20%
rangles
20%
rankest
20%
rankets
20%
rankled
20%
rankles
20%
ransack
20%
raphias
20%
rapider
20%
rapides
20%
rapidly
20%
rappels
20%
Rappist
20%
rapport
20%
rashers
20%
raspers
20%
raspier
20%
rasping
20%
rations
20%
rattans
20%
rattier
20%
ravaged
20%
ravager
20%
ravages
20%
raveler
20%
ravioli
20%
razzles
20%
readapt
20%
readmit
20%
reaffix
20%
realism
20%
reallot
20%
realter
20%
reamend
20%
reamers
20%
reaming
20%
reapply
20%
rearers
20%
rearing
20%
rearmed
20%
reaving
20%
reawake
20%
reaware
20%
reawoke
20%
rebelly
20%
rebinds
20%
reboils
20%
rebound
20%
rebreed
20%
rebuses
20%
recasts
20%
receded
20%
receder
20%
recepts
20%
recking
20%
recoils
20%
recorks
20%
recross
20%
recruit
20%
rection
20%
rectors
20%
recurve
20%
recused
20%
recuses
20%
redacts
20%
redated
20%
redates
20%
reddest
20%
reddish
20%
redness
20%
redoppe
20%
redrier
20%
redrill
20%
reducts
20%
reekier
20%
reequip
20%
reeving
20%
refaced
20%
refaces
20%
reffing
20%
refixed
20%
refixes
20%
reforge
20%
refract
20%
refroze
20%
refuels
20%
refuged
20%
refugee
20%
refuges
20%
refusal
20%
regaler
20%
regards
20%
regatta
20%
regence
20%
reginal
20%
regrass
20%
regroup
20%
regrown
20%
rehired
20%
rehires
20%
rehouse
20%
reinked
20%
reivers
20%
rekeyed
20%
relator
20%
relaxin
20%
relearn
20%
relends
20%
releves
20%
reliant
20%
relucts
20%
relying
20%
remands
20%
remarks
20%
remarry
20%
rematch
20%
remises
20%
remolds
20%
remoted
20%
removal
20%
renamed
20%
renames
20%
reneges
20%
rennets
20%
reorder
20%
repacks
20%
reparks
20%
repiner
20%
replead
20%
replete
20%
replied
20%
replier
20%
reponed
20%
repones
20%
reposit
20%
repress
20%
reprice
20%
reprove
20%
reracks
20%
rereads
20%
rescale
20%
rescind
20%
rescore
20%
reseaus
20%
resects
20%
reseeds
20%
reseise
20%
reseize
20%
resells
20%
reserve
20%
resewed
20%
reshoes
20%
reshows
20%
residua
20%
resight
20%
resiled
20%
resiles
20%
resiner
20%
resists
20%
resited
20%
resites
20%
resoles
20%
resowed
20%
respeak
20%
respell
20%
respite
20%
respots
20%
respray
20%
restack
20%
restain
20%
restier
20%
restock
20%
restyle
20%
retaken
20%
retaker
20%
retakes
20%
retards
20%
retaste
20%
retches
20%
reteams
20%
retents
20%
retiled
20%
retiles
20%
retinal
20%
retinas
20%
retiree
20%
retools
20%
retorts
20%
retouch
20%
retrace
20%
retreat
20%
retrims
20%
retting
20%
reuning
20%
revamps
20%
reveils
20%
revenge
20%
revered
20%
reverer
20%
reveres
20%
reveted
20%
revetes
20%
revisor
20%
revoice
20%
revoker
20%
revoted
20%
revotes
20%
rewaked
20%
rewaken
20%
rewakes
20%
rewilds
20%
rewoken
20%
rewound
20%
rezoned
20%
rezones
20%
rhetors
20%
rhizome
20%
rhythms
20%
rialtos
20%
ribbier
20%
ribbies
20%
riblets
20%
rickers
20%
rickets
20%
rickety
20%
rideoff
20%
ridgier
20%
riflers
20%
righten
20%
rightly
20%
rigidly
20%
rimming
20%
ringier
20%
ringlet
20%
ripplet
20%
risible
20%
riskily
20%
rituals
20%
riverly
20%
rizzing
20%
roaches
20%
roadman
20%
roadmen
20%
roaring
20%
rockery
20%
rodeoed
20%
roguish
20%
Rolfing
20%
rollick
20%
romance
20%
Romanis
20%
Romanly
20%
Romanos
20%
rookier
20%
rookies
20%
ropiest
20%
roselle
20%
rosette
20%
rossers
20%
rostrum
20%
rotties
20%
rousted
20%
routine
20%
rowboat
20%
rowdier
20%
royalty
20%
rubbish
20%
ruddled
20%
ruddles
20%
rugbies
20%
rugging
20%
rummage
20%
rummers
20%
rummier
20%
rummies
20%
rumored
20%
rumours
20%
runtier
20%
russets
20%
rustics
20%
rustily
20%
rustled
20%
rustler
20%
rustles
20%
ruthful
20%
ruttled
20%
ruttles
20%
Rwandan
20%
rabanna
0%
rabatos
0%
rabbets
0%
rabbins
0%
rabboni
0%
rabfacs
0%
rabfaks
0%
rabinet
0%
rabious
0%
racemed
0%
racemes
0%
racemic
0%
raceway
0%
rachial
0%
rachion
0%
raciest
0%
racinos
0%
racisms
0%
rackans
0%
rackett
0%
rackety
0%
rackful
0%
rackman
0%
rackmen
0%
rackway
0%
raddles
0%
radiacs
0%
radiale
0%
radials
0%
radians
0%
radiant
0%
radiata
0%
radiate
0%
radices
0%
radicle
0%
radious
0%
radixes
0%
radomes
0%
radulae
0%
radular
0%
radulas
0%
raetams
0%
Raetian
0%
rafales
0%
raffees
0%
raffine
0%
raffish
0%
raffman
0%
raffmen
0%
ragbags
0%
ragdoll
0%
rageful
0%
rageous
0%
ragfish
0%
raggedy
0%
raggety
0%
raglets
0%
ragouts
0%
ragshag
0%
ragtops
0%
ragweed
0%
ragwork
0%
ragwort
0%
rahdars
0%
Raiidae
0%
railage
0%
railbed
0%
railbus
0%
railcar
0%
railfan
0%
raiment
0%
rainbow
0%
rainful
0%
rainily
0%
rainout
0%
raioids
0%
raisine
0%
raisiny
0%
raiyats
0%
Rajidae
0%
Rajpoot
0%
Rajputs
0%
rakeman
0%
rakemen
0%
rakijas
0%
rallery
0%
ralline
0%
rallyes
0%
ralphed
0%
ramacks
0%
Ramadan
0%
ramadas
0%
ramages
0%
Ramaism
0%
Ramaite
0%
ramakis
0%
ramarks
0%
ramblas
0%
rambong
0%
ramenta
0%
raments
0%
rameous
0%
ramhead
0%
ramilie
0%
Ramisms
0%
Ramists
0%
ramjets
0%
ramline
0%
rammack
0%
rammels
0%
rammers
0%
rammier
0%
rammish
0%
Ramoosi
0%
rampage
0%
rampant
0%
rampart
0%
rampick
0%
rampike
0%
rampion
0%
rampire
0%
rampman
0%
rampmen
0%
ramrace
0%
ramrods
0%
ramsack
0%
Ramsden
0%
ramsons
0%
ramstam
0%
ramtils
0%
ramular
0%
ramulus
0%
Ramusis
0%
Ranales
0%
Ranatra
0%
rancels
0%
rancers
0%
ranches
0%
ranchos
0%
rancour
0%
randans
0%
randems
0%
randori
0%
ranella
0%
rangpur
0%
Ranidae
0%
rankett
0%
Rankine
0%
rannies
0%
ransoms
0%
Rantism
0%
rantree
0%
ranulas
0%
Ranvier
0%
raoulia
0%
Rapanea
0%
Raphael
0%
raphide
0%
rapidos
0%
rapines
0%
rapinis
0%
rapists
0%
raploch
0%
rappees
0%
rappini
0%
Rappite
0%
raptors
0%
rapture
0%
rarebit
0%
rariora
0%
Raroian
0%
rasbora
0%
rascals
0%
rasceta
0%
raschel
0%
rasgado
0%
rashest
0%
Rasores
0%
raspish
0%
raspite
0%
rassled
0%
rassles
0%
rastick
0%
rastiks
0%
rasures
0%
ratable
0%
ratably
0%
ratafia
0%
ratamas
0%
ratbags
0%
ratched
0%
ratches
0%
ratfish
0%
rathite
0%
rathole
0%
ratines
0%
Ratitae
0%
ratites
0%
ratlike
0%
ratline
0%
ratoons
0%
rattail
0%
ratteen
0%
rattish
0%
rattons
0%
rattrap
0%
raucity
0%
raucous
0%
rauking
0%
raunchy
0%
Rauraci
0%
Raurici
0%
rauriki
0%
rauvite
0%
Rauwolf
0%
ravelin
0%
ravelly
0%
ravened
0%
ravener
0%
ravenry
0%
raviney
0%
ravison
0%
rawbone
0%
rawhead
0%
rawhide
0%
rawness
0%
rayless
0%
raylets
0%
raylike
0%
Raynaud
0%
razzias
0%
reabled
0%
reables
0%
readopt
0%
readorn
0%
readout
0%
reagins
0%
realgar
0%
reamage
0%
reannex
0%
reargue
0%
rearise
0%
rearray
0%
reassay
0%
reaudit
0%
Reaumur
0%
rebaits
0%
rebased
0%
rebatos
0%
rebecks
0%
rebegan
0%
rebegin
0%
rebegun
0%
Rebekah
0%
rebleed
0%
reblend
0%
rebloom
0%
reboant
0%
reboard
0%
reboise
0%
rebored
0%
rebores
0%
rebotes
0%
rebozos
0%
rebuffs
0%
rebutes
0%
recency
0%
recense
0%
recheat
0%
recheck
0%
recipes
0%
recital
0%
reckans
0%
reclads
0%
reclama
0%
reclame
0%
reclean
0%
recocks
0%
recocts
0%
recoins
0%
recorte
0%
rectrix
0%
rectums
0%
recumbs
0%
recusal
0%
recycle
0%
redback
0%
redbill
0%
redbird
0%
redbone
0%
redbuck
0%
redbuds
0%
redbush
0%
redcaps
0%
redcoat
0%
reddock
0%
redears
0%
redeems
0%
redfins
0%
redfish
0%
redfoot
0%
redhead
0%
Redjang
0%
redlegs
0%
redline
0%
redneck
0%
redoubt
0%
redound
0%
redouts
0%
redowas
0%
redpole
0%
redpoll
0%
redraft
0%
redrape
0%
redrawn
0%
redream
0%
redroot
0%
redtabs
0%
redtail
0%
redtops
0%
Redunca
0%
redward
0%
redware
0%
redweed
0%
redwing
0%
redwood
0%
redworm
0%
reechos
0%
reedbed
0%
reedify
0%
reedits
0%
reedman
0%
reedmen
0%
reefier
0%
reelect
0%
reemits
0%
reenact
0%
reendow
0%
reenter
0%
reentry
0%
reerect
0%
reeshle
0%
reested
0%
reevoke
0%
refaits
0%
refects
0%
refeeds
0%
reflash
0%
reflate
0%
reflets
0%
reflexa
0%
refloat
0%
refocus
0%
refront
0%
refugia
0%
refutal
0%
regalia
0%
regalos
0%
regalty
0%
regears
0%
regency
0%
reggaes
0%
regidor
0%
regifts
0%
regilds
0%
regimes
0%
reglaze
0%
reglets
0%
regnant
0%
regorge
0%
regosol
0%
regrade
0%
regraft
0%
regrant
0%
regrasp
0%
regrate
0%
regrede
0%
regreen
0%
regreet
0%
regrind
0%
regroom
0%
regulae
0%
regurge
0%
rehangs
0%
Rehfuss
0%
rehinge
0%
reified
0%
reifies
0%
reimage
0%
Reinsch
0%
reinter
0%
reissue
0%
reister
0%
reitboc
0%
reitbok
0%
reiters
0%
reiving
0%
rejoint
0%
rejoneo
0%
rejudge
0%
rekhtas
0%
rekhtis
0%
reknits
0%
relabel
0%
relatum
0%
relicts
0%
reliefs
0%
relievo
0%
relique
0%
relleno
0%
Rellyan
0%
relumed
0%
relumes
0%
remanet
0%
remanie
0%
remeads
0%
remedes
0%
remeets
0%
remelts
0%
remercy
0%
remerge
0%
remicle
0%
remiges
0%
Remijia
0%
remints
0%
remiped
0%
remised
0%
remodel
0%
remoras
0%
remould
0%
remudas
0%
renails
0%
renerve
0%
renests
0%
renette
0%
Rengmas
0%
rengues
0%
renilla
0%
rennins
0%
Renshaw
0%
rentage
0%
renvois
0%
reoccur
0%
reoffer
0%
reopens
0%
repatch
0%
repaved
0%
repaves
0%
Rephaim
0%
repique
0%
replevy
0%
replica
0%
replies
0%
replots
0%
replumb
0%
replume
0%
reposal
0%
repower
0%
reproof
0%
reptant
0%
repugns
0%
repulse
0%
repumps
0%
reputed
0%
reputes
0%
requeen
0%
requiem
0%
requins
0%
reraise
0%
rerding
0%
reredos
0%
rerolls
0%
reroofs
0%
reroute
0%
resacas
0%
resails
0%
resawed
0%
resawer
0%
rescous
0%
reseals
0%
reseaux
0%
resedas
0%
resenes
0%
reshoed
0%
reshoot
0%
reshown
0%
resiant
0%
resilia
0%
resinas
0%
resinic
0%
resinol
0%
resitol
0%
resized
0%
resizer
0%
resizes
0%
reslant
0%
reslate
0%
resoaks
0%
resoled
0%
resorbs
0%
respool
0%
ressala
0%
restaff
0%
restage
0%
restamp
0%
restate
0%
restaur
0%
resteel
0%
restful
0%
restiff
0%
restoke
0%
restors
0%
restudy
0%
restuff
0%
resuing
0%
resurge
0%
reswear
0%
retable
0%
retablo
0%
retamas
0%
retched
0%
retcons
0%
reteach
0%
retenes
0%
retenue
0%
retiary
0%
reticle
0%
retinae
0%
retinol
0%
retiral
0%
retours
0%
retrack
0%
retract
0%
retread
0%
retrees
0%
retrude
0%
retsina
0%
rettery
0%
rettory
0%
retunds
0%
retweet
0%
retyped
0%
retypes
0%
retzian
0%
retzina
0%
Retzius
0%
Reubens
0%
reunify
0%
reunion
0%
reunite
0%
revalue
0%
revelly
0%
revelry
0%
reverbs
0%
reverdi
0%
reveree
0%
reverie
0%
reversi
0%
reverso
0%
revisal
0%
revival
0%
revived
0%
reviver
0%
revives
0%
revivor
0%
revomit
0%
revuist
0%
rewarms
0%
rewater
0%
reweave
0%
reweigh
0%
rewoven
0%
rewraps
0%
rewrote
0%
rexines
0%
Rexists
0%
reynard
0%
reyouth
0%
rhabdia
0%
rhabdom
0%
rhabdus
0%
Rhaetic
0%
rhagons
0%
Rhamnus
0%
rhaphes
0%
rhasons
0%
rhatany
0%
rheboks
0%
Rheidae
0%
Rhemish
0%
Rhenish
0%
rhenium
0%
Rhetian
0%
rheumed
0%
rhexias
0%
rhinion
0%
rhizina
0%
rhizine
0%
rhizoid
0%
rhizoma
0%
Rhizota
0%
rhizote
0%
Rhodian
0%
rhodine
0%
rhodins
0%
rhodite
0%
rhodium
0%
rhodora
0%
rhombic
0%
rhombus
0%
rhonchi
0%
rhubarb
0%
rhumbas
0%
rhupunt
0%
rhymers
0%
rhyming
0%
rhymist
0%
rhynias
0%
rhythmi
0%
rhytina
0%
rhytons
0%
riantly
0%
ribalds
0%
ribands
0%
ribband
0%
ribboks
0%
ribbons
0%
ribbony
0%
ribeses
0%
ribitol
0%
ribityl
0%
ribless
0%
riblike
0%
riboses
0%
ribosyl
0%
ribwork
0%
ribwort
0%
riceyer
0%
richens
0%
ricinus
0%
rickeys
0%
rickled
0%
rickles
0%
ricksha
0%
ricotta
0%
ricracs
0%
ridable
0%
riddels
0%
rideaus
0%
ridered
0%
ridgels
0%
ridleys
0%
ridotto
0%
riegels
0%
riempie
0%
rietboc
0%
rietbok
0%
rievers
0%
Riffian
0%
riflery
0%
rigaree
0%
riggish
0%
riggots
0%
rightle
0%
rigidus
0%
rigling
0%
rigolet
0%
rigours
0%
Rigveda
0%
rijders
0%
rikisha
0%
rikshas
0%
rikshaw
0%
Riksmal
0%
rilawas
0%
rillets
0%
rillett
0%
rimases
0%
rimbase
0%
rimfire
0%
rimiest
0%
rimland
0%
rimless
0%
rimmers
0%
rimpled
0%
rimples
0%
rimrock
0%
rimulae
0%
rinceau
0%
rincons
0%
rindles
0%
Ringatu
0%
ringent
0%
ringgit
0%
ringles
0%
ringman
0%
ringmen
0%
ringtaw
0%
rinkals
0%
rinkite
0%
rinkman
0%
rinkmen
0%
riotise
0%
riotous
0%
ripguts
0%
ripieni
0%
ripieno
0%
ripiers
0%
rippets
0%
rippier
0%
rippits
0%
rippons
0%
ripraps
0%
ripsack
0%
ripsaws
0%
ripstop
0%
riptide
0%
risalas
0%
riserva
0%
risibly
0%
riskful
0%
risorii
0%
risotto
0%
Rissian
0%
rissoid
0%
rissole
0%
rissoms
0%
ritards
0%
ritling
0%
Ritwans
0%
ritzier
0%
ritzily
0%
ritzing
0%
rivages
0%
rivaled
0%
rivalry
0%
riveled
0%
riveret
0%
riveted
0%
riveter
0%
riviere
0%
Rivinus
0%
rivulet
0%
Rivulus
0%
rizotto
0%
rizzars
0%
RNAases
0%
roached
0%
roadbed
0%
roadcut
0%
roadeos
0%
roadnet
0%
roadway
0%
roarers
0%
robalos
0%
robands
0%
robinet
0%
robinia
0%
robinin
0%
Robison
0%
robombs
0%
robusta
0%
rochets
0%
rockaby
0%
rockets
0%
rocklay
0%
rocklet
0%
rockman
0%
rockmen
0%
rockoon
0%
rococos
0%
rodents
0%
rodhams
0%
rodings
0%
rodless
0%
rodlets
0%
rodlike
0%
Rodolia
0%
rodsman
0%
rodsmen
0%
rodster
0%
roeiest
0%
rognons
0%
roguers
0%
roguery
0%
roguing
0%
Rohilla
0%
rohunas
0%
roilier
0%
rokelay
0%
rokiest
0%
Rolando
0%
rolfers
0%
rollman
0%
rollmen
0%
rollock
0%
rollout
0%
rollway
0%
Rolodex
0%
roloway
0%
Romadur
0%
Romaics
0%
romaika
0%
romaine
0%
Romajis
0%
Romansh
0%
romanza
0%
romaunt
0%
Romberg
0%
romeite
0%
romeros
0%
Romists
0%
rommack
0%
Romneya
0%
Romneys
0%
rompier
0%
rompish
0%
Romulus
0%
roncets
0%
rondeau
0%
rondels
0%
rondino
0%
rondure
0%
roneoed
0%
rongeur
0%
Rongpas
0%
roniers
0%
ronnels
0%
ronquil
0%
rontgen
0%
ronyons
0%
roodles
0%
roofage
0%
roofies
0%
rooflet
0%
roofman
0%
roofmen
0%
rooftop
0%
rooibok
0%
rooibos
0%
rooinek
0%
roomage
0%
roomful
0%
roomily
0%
roomths
0%
rootage
0%
rootery
0%
rootkit
0%
rootled
0%
rootles
0%
rootlet
0%
ropable
0%
ropalic
0%
ropeway
0%
roquets
0%
Rorippa
0%
rorqual
0%
rortier
0%
rosacea
0%
rosaces
0%
rosaker
0%
Rosales
0%
rosalia
0%
rosamay
0%
Roscian
0%
roscoes
0%
roseate
0%
rosebay
0%
rosebud
0%
rosella
0%
roseola
0%
rosetan
0%
rosilla
0%
rosined
0%
Roskopf
0%
rosolio
0%
rossite
0%
rostrad
0%
rostral
0%
Rotalia
0%
rotated
0%
rotatee
0%
rotates
0%
rotator
0%
rotches
0%
rotguts
0%
rotifer
0%
rotonda
0%
rottans
0%
rotulad
0%
rotulae
0%
rotular
0%
rotulas
0%
rotulet
0%
rotunda
0%
rotundo
0%
roubles
0%
roucous
0%
rougeot
0%
rougets
0%
roughly
0%
rouille
0%
roukier
0%
roulade
0%
rouleau
0%
rounced
0%
rounces
0%
roundel
0%
roundle
0%
roundup
0%
roupier
0%
rousant
0%
rouster
0%
routous
0%
rowable
0%
rowdies
0%
rowdily
0%
roweite
0%
roweled
0%
rowlock
0%
rowport
0%
royales
0%
Roycean
0%
roynish
0%
royster
0%
rozelle
0%
rozzers
0%
RSVPing
0%
Ruashid
0%
rubasse
0%
rubatos
0%
rubbage
0%
rubdown
0%
rubella
0%
rubeola
0%
Rubicon
0%
rubidic
0%
rubiest
0%
rubines
0%
rubious
0%
rubouts
0%
rubrene
0%
rubrics
0%
rubuses
0%
ruching
0%
ruckled
0%
ruckles
0%
ruction
0%
Rucuyen
0%
rudases
0%
ruddily
0%
ruddock
0%
ruderal
0%
rudesby
0%
Rudista
0%
ruelles
0%
ruellia
0%
Ruffini
0%
rufinic
0%
rufiyaa
0%
rufters
0%
rugated
0%
rugolas
0%
rugulae
0%
ruinate
0%
ruinous
0%
rulable
0%
rullion
0%
rullock
0%
rumakis
0%
rumdums
0%
ruminal
0%
rumkins
0%
rumless
0%
rummery
0%
rummest
0%
rumness
0%
rumorer
0%
rumpier
0%
rumpies
0%
rumpots
0%
rumshop
0%
runaway
0%
runback
0%
runboat
0%
runched
0%
runches
0%
rundale
0%
rundles
0%
rundlet
0%
rundown
0%
runites
0%
runless
0%
runlets
0%
runnels
0%
runoffs
0%
runover
0%
runrigs
0%
runtish
0%
runways
0%
rupiahs
0%
rupture
0%
rurales
0%
rurally
0%
Ruritan
0%
rusells
0%
rushees
0%
rushier
0%
Russell
0%
russels
0%
Russene
0%
russety
0%
Russify
0%
Russism
0%
russuds
0%
Russula
0%
rustred
0%
rustres
0%
ruswuts
0%
rutched
0%
rutches
0%
rutelid
0%
Ruthene
0%
rutiles
0%
ruttees
0%
ruttish
0%
rutways
0%
Ruwalas
0%
Ruwalla
0%
ryanias
0%
Rydberg
0%
ryecorn
0%
Ryeland
0%
ryotwar
0%
rytinas
0%
No matching quizzes found
Score Distribution
Percent of People with Each Score
Percentile by Number Answered
Your Score History
You have not taken this quiz